Bound for glory / (Record no. 3963)

MARC details
000 -LEADER
fixed length control field 00928cam a22003018a 4500
001 - CONTROL NUMBER
control field 8743
003 - CONTROL NUMBER IDENTIFIER
control field GBCCL
005 - DATE AND TIME OF LATEST TRANSACTION
control field 20241126110508.0
008 - FIXED-LENGTH DATA ELEMENTS--GENERAL INFORMATION
fixed length control field 830721r19831943nyu 00010aeng
010 ## -
-- 83013424 /MN
020 ## - INTERNATIONAL STANDARD BOOK NUMBER
International Standard Book Number 0452254833
035 ## - SYSTEM CONTROL NUMBER
System control number OCM09783889
040 ## - CATALOGING SOURCE
Original cataloging agency DLC
Transcribing agency DLC
Modifying agency LBB
049 ## -
-- LBBK
050 0# -
-- ML410.G978
-- A3 1983
082 0# - DEWEY DECIMAL CLASSIFICATION NUMBER
Classification number 784.492
-- B
Edition information 19
Item number GUT
092 ## - LOCALLY ASSIGNED DEWEY CALL NUMBER (OCLC)
Classification number 784.4973
Item number G984
100 1# - MAIN ENTRY--PERSONAL NAME
Personal name Guthrie, Woody,
Dates associated with a name 1912-1967.
9 (RLIN) 9075
245 10 - TITLE STATEMENT
Title Bound for glory /
Statement of responsibility, etc. by Woody Guthrie ; illustrated with sketches by the author.
260 ## - PUBLICATION, DISTRIBUTION, ETC.
Place of publication, distribution, etc. New York :
Name of publisher, distributor, etc. New American Library,
Date of publication, distribution, etc. 1983, c1943.
263 ## - PROJECTED PUBLICATION DATE
Projected publication date 8309
300 ## - PHYSICAL DESCRIPTION
Extent xii, 320 p.:
Other physical details ill.;
Dimensions 21 cm.
500 ## - GENERAL NOTE
General note Reprint. Originally published: New York : E.P. Dutton, 1943.
500 ## - GENERAL NOTE
General note "A Signet book."
600 10 - SUBJECT ADDED ENTRY--PERSONAL NAME
Personal name Guthrie, Woody,
Dates associated with a name 1912-1967.
9 (RLIN) 9075
650 #0 - SUBJECT ADDED ENTRY--TOPICAL TERM
Topical term or geographic name entry element Composers
Geographic subdivision United States
Form subdivision Biography.
9 (RLIN) 9076
942 ## - ADDED ENTRY ELEMENTS (KOHA)
Source of classification or shelving scheme Dewey Decimal Classification
Koha item type Books
Holdings
Withdrawn status Lost status Source of classification or shelving scheme Damaged status Not for loan Home library Current Library Shelving location Date acquired Total checkouts Full call number Barcode Date last seen Copy number Price effective from Koha item type
    Dewey Decimal Classification     GRACE BIBLE COLLEGE GRACE BIBLE COLLEGE General Studies 2017-12-19   784.492 GUT 001386 2025-05-01 c.1 2017-12-19 Books
© Grace Bible College Library 2025